[Event "Mitropa Cup 32nd"]
[Site "Meissen"]
[Date "2013.06.04"]
[Round "4.2"]
[White "Housieaux, David"]
[Black "Gallagher, Joseph G"]
[Result "0-1"]
[WhiteElo "2466"]
[BlackElo "2518"]
[PlyCount "102"]
[EventDate "2013.06.01"]
[EventType "team-tourn"]
[EventRounds "9"]
[EventCountry "GER"]
[Source "ChessBase"]
[SourceDate "2013.06.25"]
[WhiteTeam "France"]
[BlackTeam "Switzerland"]
[WhiteTeamCountry "FRA"]
[BlackTeamCountry "SUI"]

1. d4 e6 2. c4 f5 3. Nc3 Nf6 4. Qc2 Bb4 5. e3 b6 6. Bd3 Bb7 7. f3 O-O 8. Nh3 c5
9. a3 Bxc3+ 10. Qxc3 Nc6 11. O-O Qe7 12. b4 cxb4 13. axb4 Qxb4 14. Qc2 Qe7 15.
Ba3 Nb4 16. Qd2 a5 17. Rab1 d5 18. Bxb4 axb4 19. Rxb4 Ba6 20. Rfb1 Rfc8 21.
Rxb6 dxc4 22. Qa2 Bb7 23. Qb2 Bxf3 24. Bxc4 Rxc4 25. gxf3 Nd5 26. Rb8+ Rc8 27.
Rxa8 Rxa8 28. e4 fxe4 29. fxe4 Nf6 30. Nf2 Nh5 31. Kh1 Rf8 32. Rg1 Qf6 33. Qe2
Qxf2 34. Qxh5 Qxd4 35. Qg4 Qe5 36. Qg2 Rf4 37. Re1 h6 38. Qg6 Rh4 39. Re2 h5
40. Rg2 Rf4 41. h3 Kf8 42. Re2 Rf6 43. Qg2 Kg8 44. Re1 Rf4 45. Re2 Kh7 46. Re1
g5 47. Qd2 Kh6 48. Qe3 Kg6 49. Qd2 Rf3 50. Qg2 Qf4 51. e5 Kh6 0-1

[Event "Mitropa Cup 32nd"]
[Site "Meissen"]
[Date "2013.06.04"]
[Round "4.2"]
[White "Studer, Noel"]
[Black "Cotonnec, Melkior"]
[Result "1/2-1/2"]
[WhiteElo "2343"]
[BlackElo "2432"]
[PlyCount "128"]
[EventDate "2013.06.01"]
[EventType "team-tourn"]
[EventRounds "9"]
[EventCountry "GER"]
[Source "ChessBase"]
[SourceDate "2013.06.25"]
[WhiteTeam "Switzerland"]
[BlackTeam "France"]
[WhiteTeamCountry "SUI"]
[BlackTeamCountry "FRA"]

1. e4 Nc6 2. Nf3 e5 3. Bb5 Nf6 4. d3 Ne7 5. Bc4 Ng6 6. Nc3 Bc5 7. h4 h5 8. Ng5
Rf8 9. Qe2 c6 10. Bb3 d6 11. Na4 Bb4+ 12. Nc3 Qe7 13. g3 Ng4 14. f3 Nh6 15. Bd2
f6 16. Nh3 Nf7 17. O-O-O Be6 18. Bxe6 Qxe6 19. f4 Bxc3 20. Bxc3 Qxa2 21. Qxh5
Ne7 22. fxe5 dxe5 23. Qg4 Rg8 24. Kd2 Nd8 25. Ra1 Qe6 26. Nf2 Qxg4 27. Nxg4 Rh8
28. b4 Ne6 29. Ne3 a6 30. Nc4 O-O-O 31. Raf1 Rh7 32. Ke3 Rdh8 33. Bb2 Kd7 34.
Na5 Kc7 35. c4 Rd8 36. c5 Nd4 37. Rh2 Rd7 38. Nc4 Nc8 39. Rg1 Rh8 40. Rd1 Rhd8
41. g4 b5 42. Na3 Ne7 43. h5 Ng8 44. Rg2 Ne6 45. g5 Nf4 46. Rgd2 Nxh5 47. Nc2
Re8 48. d4 exd4+ 49. Nxd4 Rde7 50. Nf3 Rxe4+ 51. Kf2 R4e7 52. Bc3 Nf4 53. gxf6
gxf6 54. Rd6 Nh5 55. Nd4 Nh6 56. Rxc6+ Kb7 57. Rb6+ Kc8 58. Rc6+ Kb7 59. Rb6+
Kc8 60. Rc6+ Rc7 61. Rxa6 Ng4+ 62. Kf3 Ne5+ 63. Kf2 Ng4+ 64. Kf3 Ne5+ 1/2-1/2

[Event "Mitropa Cup 32nd"]
[Site "Meissen"]
[Date "2013.06.04"]
[Round "4.4"]
[White "Borisek, Jure"]
[Black "Pacher, Milan"]
[Result "1-0"]
[WhiteElo "2552"]
[BlackElo "2464"]
[PlyCount "55"]
[EventDate "2013.06.01"]
[EventType "team-tourn"]
[EventRounds "9"]
[EventCountry "GER"]
[Source "ChessBase"]
[SourceDate "2013.06.25"]
[WhiteTeam "Slovenia"]
[BlackTeam "Slovakia"]
[WhiteTeamCountry "SLO"]
[BlackTeamCountry "SVK"]

1. e4 e6 2. d4 d5 3. Nd2 Nf6 4. e5 Nfd7 5. c3 c5 6. Bd3 Nc6 7. Ngf3 Be7 8. O-O
g5 9. dxc5 g4 10. Nd4 Ndxe5 11. N2b3 Nxd3 12. Qxd3 e5 13. Nxc6 bxc6 14. f4 gxf3
15. Qxf3 Be6 16. Qh5 Qc7 17. Bg5 h6 18. Bxe7 Kxe7 19. Rae1 f6 20. Nd4 Raf8 21.
Rf2 Qd7 22. Qg6 Rhg8 23. Qxh6 Rf7 24. Ne2 Qd8 25. Nf4 Kd7 26. Nxe6 Kxe6 27.
Rxe5+ Kxe5 28. Qe3# 1-0

[Event "Mitropa Cup 32nd"]
[Site "Meissen"]
[Date "2013.06.04"]
[Round "4.4"]
[White "Markoja, Boris"]
[Black "Repka, Christopher"]
[Result "1/2-1/2"]
[WhiteElo "2148"]
[BlackElo "2358"]
[PlyCount "62"]
[EventDate "2013.06.01"]
[EventType "team-tourn"]
[EventRounds "9"]
[EventCountry "GER"]
[Source "ChessBase"]
[SourceDate "2013.06.25"]
[WhiteTeam "Slovenia"]
[BlackTeam "Slovakia"]
[WhiteTeamCountry "SLO"]
[BlackTeamCountry "SVK"]

1. c4 e5 2. g3 Nc6 3. Bg2 Nf6 4. Nf3 Bc5 5. Nc3 d6 6. d3 O-O 7. O-O Be6 8. a3
a5 9. Bg5 h6 10. Bxf6 Qxf6 11. Nd5 Qd8 12. e3 Ba7 13. Rb1 Ne7 14. Nxe7+ Qxe7
15. b4 c6 16. b5 Bc5 17. bxc6 bxc6 18. Qa4 Bf5 19. Rbd1 Qc7 20. d4 Ba7 21. c5
e4 22. cxd6 Qxd6 23. Ne5 c5 24. Nc4 Qd7 25. Qxd7 Bxd7 26. Bxe4 Rae8 27. Ne5 Ba4
28. Rd2 cxd4 29. exd4 Rd8 30. Nc6 Bxc6 31. Bxc6 Rxd4 1/2-1/2

[Event "Mitropa Cup 32nd"]
[Site "Meissen"]
[Date "2013.06.04"]
[Round "4.4"]
[White "Michalik, Peter"]
[Black "Skoberne, Jure"]
[Result "1/2-1/2"]
[WhiteElo "2565"]
[BlackElo "2558"]
[PlyCount "82"]
[EventDate "2013.06.01"]
[EventType "team-tourn"]
[EventRounds "9"]
[EventCountry "GER"]
[Source "ChessBase"]
[SourceDate "2013.06.25"]
[WhiteTeam "Slovakia"]
[BlackTeam "Slovenia"]
[WhiteTeamCountry "SVK"]
[BlackTeamCountry "SLO"]

1. d4 d6 2. c4 e5 3. Nf3 e4 4. Ng5 f5 5. Nc3 Be7 6. Nh3 Nf6 7. g3 c6 8. d5 Nbd7
9. Bg2 Nb6 10. b3 cxd5 11. cxd5 Nbxd5 12. Nxd5 Qa5+ 13. Bd2 Qxd5 14. O-O O-O
15. Rc1 Bd7 16. Nf4 Qf7 17. Bb4 Bc6 18. h4 a5 19. Bc3 a4 20. Bxf6 Bxf6 21. Qxd6
axb3 22. axb3 Qxb3 23. Bh3 g6 24. e3 Qf7 25. Rfd1 Rfd8 26. Qb4 Ra4 27. Qb6
Rxd1+ 28. Rxd1 Ra1 29. Rxa1 Bxa1 30. Qa5 Bf6 31. Bf1 Kg7 32. Qc5 Qe7 33. Qc4
Be5 34. Ne6+ Kf6 35. Nd4 Bxd4 36. Qxd4+ Qe5 37. Qd8+ Kg7 38. Bc4 Be8 39. Qb6
Bc6 40. Qd8 Be8 41. Qb6 Bc6 1/2-1/2

[Event "Mitropa Cup 32nd"]
[Site "Meissen"]
[Date "2013.06.04"]
[Round "4.4"]
[White "Petenyi, Tamas"]
[Black "Stajner, Samo"]
[Result "1-0"]
[WhiteElo "2466"]
[BlackElo "2321"]
[PlyCount "51"]
[EventDate "2013.06.01"]
[EventType "team-tourn"]
[EventRounds "9"]
[EventCountry "GER"]
[Source "ChessBase"]
[SourceDate "2013.06.25"]
[WhiteTeam "Slovakia"]
[BlackTeam "Slovenia"]
[WhiteTeamCountry "SVK"]
[BlackTeamCountry "SLO"]

1. e4 c6 2. Nc3 d5 3. Qe2 Nf6 4. e5 Nfd7 5. f4 e6 6. Nf3 b6 7. g3 Bb4 8. Bh3
Ba6 9. d3 c5 10. O-O Bxc3 11. bxc3 Qe7 12. f5 O-O 13. Bg5 f6 14. exf6 Nxf6 15.
fxe6 Nc6 16. Nh4 Rae8 17. Nf5 Qd8 18. Rae1 Ne7 19. Nxg7 Kxg7 20. Bxf6+ Rxf6 21.
Rxf6 Kxf6 22. Rf1+ Kg7 23. Rf7+ Kh6 24. Qe3+ Kg6 25. Qf4 Ng8 26. Bf5+ 1-0

[Event "Mitropa Cup 32nd"]
[Site "Meissen"]
[Date "2013.06.05"]
[Round "5.5"]
[White "Diermair, Andreas"]
[Black "Ekstroem, Roland"]
[Result "1/2-1/2"]
[WhiteElo "2428"]
[BlackElo "2420"]
[PlyCount "81"]
[EventDate "2013.06.01"]
[EventType "team-tourn"]
[EventRounds "9"]
[EventCountry "GER"]
[Source "ChessBase"]
[SourceDate "2013.06.25"]
[WhiteTeam "Austria"]
[BlackTeam "Switzerland"]
[WhiteTeamCountry "AUT"]
[BlackTeamCountry "SUI"]

1. Nf3 Nf6 2. c4 d6 3. d4 Nbd7 4. Nc3 e5 5. e4 Be7 6. Be2 O-O 7. O-O c6 8. Be3
a6 9. d5 cxd5 10. cxd5 b5 11. Nd2 Nb6 12. b4 Bd7 13. Rc1 Rc8 14. a3 Ne8 15. Nb3
Bg5 16. Qd2 Nc4 17. Bxc4 Bxe3 18. Qxe3 Rxc4 19. Na5 Rc7 20. Ne2 Rxc1 21. Rxc1
f5 22. exf5 Bxf5 23. Nc6 Qf6 24. f4 exf4 25. Nxf4 Bd7 26. Ne6 Rf7 27. Ng5 Rf8
28. Nb8 Bf5 29. Rf1 Qe5 30. Qxe5 dxe5 31. Nxa6 Nd6 32. Nc5 Nc4 33. Nge6 Bxe6
34. dxe6 Rxf1+ 35. Kxf1 Nxa3 36. Nd7 e4 37. Ne5 Kf8 38. Nc6 g6 39. Ke2 Nc4 40.
g4 g5 41. h3 1/2-1/2

[Event "Mitropa Cup 32nd"]
[Site "Meissen"]
[Date "2013.06.05"]
[Round "5.5"]
[White "Handler, Lukas"]
[Black "Studer, Noel"]
[Result "1-0"]
[WhiteElo "2398"]
[BlackElo "2343"]
[PlyCount "65"]
[EventDate "2013.06.01"]
[EventType "team-tourn"]
[EventRounds "9"]
[EventCountry "GER"]
[Source "ChessBase"]
[SourceDate "2013.06.25"]
[WhiteTeam "Austria"]
[BlackTeam "Switzerland"]
[WhiteTeamCountry "AUT"]
[BlackTeamCountry "SUI"]

1. Nf3 Nf6 2. c4 e6 3. g3 d5 4. d4 Bb4+ 5. Bd2 Be7 6. Bg2 O-O 7. O-O c6 8. Qc2
b6 9. Rd1 Nbd7 10. b3 Ba6 11. a4 Qc8 12. Na3 Ne4 13. Bc1 f5 14. Bb2 Qb7 15. Nd2
c5 16. Nxe4 fxe4 17. Bh3 Qc6 18. e3 Nf6 19. Nb5 Bc8 20. dxc5 bxc5 21. Ba3 Rf7
22. Rac1 Bf8 23. Nc3 Bb7 24. cxd5 exd5 25. Ne2 Bc8 26. Bg2 Bg4 27. h3 Bf3 28.
Bxf3 exf3 29. Nd4 Qc8 30. Nxf3 Ne4 31. Rxd5 Nxg3 32. Ng5 Qc6 33. Qxh7# 1-0

[Event "Mitropa Cup 32nd"]
[Site "Meissen"]
[Date "2013.06.05"]
[Round "5.5"]
[White "Hug, Werner"]
[Black "Schreiner, Peter"]
[Result "1/2-1/2"]
[WhiteElo "2471"]
[BlackElo "2456"]
[PlyCount "63"]
[EventDate "2013.06.01"]
[EventType "team-tourn"]
[EventRounds "9"]
[EventCountry "GER"]
[Source "ChessBase"]
[SourceDate "2013.06.25"]
[WhiteTeam "Switzerland"]
[BlackTeam "Austria"]
[WhiteTeamCountry "SUI"]
[BlackTeamCountry "AUT"]

1. d4 Nf6 2. Nf3 g6 3. Bg5 Bg7 4. c3 O-O 5. Nbd2 d6 6. e4 c5 7. d5 h6 8. Bxf6
Bxf6 9. Bc4 Nd7 10. O-O a6 11. a4 b6 12. h3 Qc7 13. Qe2 Qb7 14. Bd3 Bg7 15. Nc4
Nf6 16. Rfd1 Rd8 17. Bc2 Qc7 18. a5 b5 19. Nb6 Rb8 20. e5 dxe5 21. Nxe5 Re8 22.
Nxc8 Qxc8 23. Rd2 e6 24. d6 Rf8 25. Re1 c4 26. Bxg6 fxg6 27. Nxg6 Qd7 28. Nxf8
Kxf8 29. Qf3 Kg8 30. Qe3 Kf7 31. Rde2 Bf8 32. Rd1 1/2-1/2

[Event "Mitropa Cup 32nd"]
[Site "Meissen"]
[Date "2013.06.05"]
[Round "5.5"]
[White "Zueger, Beat"]
[Black "Schachinger, Mario"]
[Result "1/2-1/2"]
[WhiteElo "2397"]
[BlackElo "2412"]
[PlyCount "71"]
[EventDate "2013.06.01"]
[EventType "team-tourn"]
[EventRounds "9"]
[EventCountry "GER"]
[Source "ChessBase"]
[SourceDate "2013.06.25"]
[WhiteTeam "Switzerland"]
[BlackTeam "Austria"]
[WhiteTeamCountry "SUI"]
[BlackTeamCountry "AUT"]

1. c4 e6 2. g3 d5 3. Bg2 Nf6 4. d4 Bb4+ 5. Bd2 Be7 6. Nf3 O-O 7. O-O c6 8. Qc2
b6 9. Rd1 Nbd7 10. cxd5 cxd5 11. Nc3 Bb7 12. Rac1 Rc8 13. Qb3 Nb8 14. Nb5 Nc6
15. Ne5 a6 16. Nxc6 Rxc6 17. Rxc6 Bxc6 18. Nc3 b5 19. Rc1 Qd7 20. a3 Rc8 21.
Na2 Ne8 22. Bb4 Nd6 23. Bxd6 Bxd6 24. e3 Bb7 25. Rxc8+ Qxc8 26. Bf1 Qc7 27. f4
Qa5 28. Nb4 h6 29. Qc3 Qb6 30. Nd3 Qc6 31. Qxc6 Bxc6 32. Kf2 Kf8 33. Ke1 Ke7
34. Be2 f6 35. h4 Be8 36. Kd2 1/2-1/2

[Event "Mitropa Cup 32nd"]
[Site "Meissen"]
[Date "2013.06.05"]
[Round "5.1"]
[White "Kuljasevic, Davorin"]
[Black "Kislinsky, Alexey"]
[Result "1/2-1/2"]
[WhiteElo "2574"]
[BlackElo "2565"]
[PlyCount "63"]
[EventDate "2013.06.01"]
[EventType "team-tourn"]
[EventRounds "9"]
[EventCountry "GER"]
[Source "ChessBase"]
[SourceDate "2013.06.25"]
[WhiteTeam "Croatia"]
[BlackTeam "Czechia"]
[WhiteTeamCountry "CRO"]
[BlackTeamCountry "CZE"]

1. d4 g6 2. c4 Bg7 3. e4 c5 4. d5 d6 5. Nc3 e6 6. Bd3 exd5 7. cxd5 a6 8. a4 Nf6
9. h3 Nbd7 10. Nf3 Nh5 11. Bg5 Bf6 12. Be3 Ne5 13. Be2 Nxf3+ 14. Bxf3 Ng7 15.
O-O O-O 16. Be2 Qe7 17. Bd3 Bd7 18. a5 Rae8 19. Qd2 Be5 20. f4 Bd4 21. Bf2 f5
22. Rae1 Qd8 23. e5 dxe5 24. fxe5 Bxe5 25. Bxc5 Rf7 26. Bc4 Qh4 27. Qd3 Bd6 28.
Rxe8+ Nxe8 29. Qd4 Qxd4+ 30. Bxd4 Re7 31. b4 h5 32. b5 1/2-1/2

[Event "Mitropa Cup 32nd"]
[Site "Meissen"]
[Date "2013.06.05"]
[Round "5.1"]
[White "Martinovic, Sasa"]
[Black "Rasik, Vitezslav"]
[Result "1-0"]
[WhiteElo "2527"]
[BlackElo "2483"]
[PlyCount "57"]
[EventDate "2013.06.01"]
[EventType "team-tourn"]
[EventRounds "9"]
[EventCountry "GER"]
[Source "ChessBase"]
[SourceDate "2013.06.25"]
[WhiteTeam "Croatia"]
[BlackTeam "Czechia"]
[WhiteTeamCountry "CRO"]
[BlackTeamCountry "CZE"]

1. d4 d6 2. c4 g6 3. Nc3 Bg7 4. e4 Nf6 5. h3 O-O 6. Nf3 e5 7. d5 a5 8. g4 Na6
9. Be3 Nd7 10. a3 Nac5 11. Rg1 Kh8 12. Qc2 a4 13. Nd2 c6 14. O-O-O Qa5 15. Kb1
Rb8 16. Rc1 Nb6 17. h4 f5 18. gxf5 gxf5 19. f4 fxe4 20. Ndxe4 Nxe4 21. Nxe4 Bf5
22. Bd2 Qa7 23. Bd3 cxd5 24. Nxd6 Bxd3 25. Qxd3 Nxc4 26. fxe5 Nxd2+ 27. Qxd2
Bxe5 28. Qg5 Bxb2 29. Qg8+ 1-0

[Event "Mitropa Cup 32nd"]
[Site "Meissen"]
[Date "2013.06.05"]
[Round "5.1"]
[White "Zilka, Stepan"]
[Black "Saric, Ante"]
[Result "0-1"]
[WhiteElo "2532"]
[BlackElo "2551"]
[PlyCount "80"]
[EventDate "2013.06.01"]
[EventType "team-tourn"]
[EventRounds "9"]
[EventCountry "GER"]
[Source "ChessBase"]
[SourceDate "2013.06.25"]
[WhiteTeam "Czechia"]
[BlackTeam "Croatia"]
[WhiteTeamCountry "CZE"]
[BlackTeamCountry "CRO"]

1. d4 Nf6 2. c4 e6 3. Nf3 b6 4. g3 Bb4+ 5. Bd2 Bxd2+ 6. Qxd2 Ba6 7. b3 d5 8.
Bg2 O-O 9. O-O Nbd7 10. Rd1 c6 11. Qc2 Rc8 12. Nc3 c5 13. dxc5 Rxc5 14. e4 dxc4
15. b4 Rc7 16. Rd4 h6 17. Rad1 Qe7 18. e5 Nh7 19. h4 Bb7 20. Nb5 Bxf3 21. Bxf3
Nxe5 22. Be4 f5 23. Bg2 Rcc8 24. Re1 Nd3 25. Rxe6 Qxe6 26. Bd5 Qxd5 27. Rxd5
Nxb4 28. Qd1 Nxd5 29. Qxd5+ Kh8 30. Nd6 Rc5 31. Nf7+ Rxf7 32. Qxf7 Nf6 33. g4
c3 34. g5 hxg5 35. h5 Ng8 36. h6 gxh6 37. Qb3 c2 38. Qb2+ Kh7 39. Qc1 Nf6 40.
Kf1 Nd5 0-1

[Event "Mitropa Cup 32nd"]
[Site "Meissen"]
[Date "2013.06.05"]
[Round "5.4"]
[White "Cotonnec, Melkior"]
[Black "Juhasz, Kristof"]
[Result "1-0"]
[WhiteElo "2432"]
[BlackElo "2337"]
[PlyCount "83"]
[EventDate "2013.06.01"]
[EventType "team-tourn"]
[EventRounds "9"]
[EventCountry "GER"]
[Source "ChessBase"]
[SourceDate "2013.06.25"]
[WhiteTeam "France"]
[BlackTeam "Hungary"]
[WhiteTeamCountry "FRA"]
[BlackTeamCountry "HUN"]

1. d4 Nf6 2. c4 e6 3. Nf3 d5 4. Nc3 c5 5. cxd5 Nxd5 6. e4 Nxc3 7. bxc3 cxd4 8.
cxd4 Bb4+ 9. Bd2 Bxd2+ 10. Qxd2 O-O 11. Bc4 Nd7 12. O-O b6 13. Rad1 Bb7 14.
Rfe1 Rc8 15. Bb3 Nf6 16. Qf4 Qc7 17. Qh4 h6 18. Re3 Qe7 19. d5 Rfd8 20. Rde1 e5
21. Qg3 Nd7 22. Nh4 Nc5 23. Ng6 Qf6 24. Nxe5 Re8 25. Ng4 Qg6 26. f3 a5 27. d6
a4 28. Bc4 Bc6 29. a3 b5 30. Ba2 Bd7 31. Nf2 Qh5 32. e5 Ne6 33. Ne4 Kh8 34. Rd3
Rc2 35. Bb1 Rb2 36. Nc3 Rc8 37. Nd5 Rc5 38. Nb6 Nf8 39. Rde3 Be6 40. Qf4 Rc6
41. Qd4 Qg5 42. Qxb2 1-0

[Event "Mitropa Cup 32nd"]
[Site "Meissen"]
[Date "2013.06.05"]
[Round "5.4"]
[White "Czebe, Attila"]
[Black "Bailet, Pierre"]
[Result "1/2-1/2"]
[WhiteElo "2488"]
[BlackElo "2461"]
[PlyCount "67"]
[EventDate "2013.06.01"]
[EventType "team-tourn"]
[EventRounds "9"]
[EventCountry "GER"]
[Source "ChessBase"]
[SourceDate "2013.06.25"]
[WhiteTeam "Hungary"]
[BlackTeam "France"]
[WhiteTeamCountry "HUN"]
[BlackTeamCountry "FRA"]

1. c4 Nf6 2. d4 c6 3. Bf4 d5 4. e3 e6 5. Nc3 Nbd7 6. Nf3 Be7 7. c5 Ne4 8. Bd3
f5 9. Ne5 O-O 10. O-O Nxe5 11. Bxe5 b6 12. cxb6 axb6 13. f3 Nxc3 14. bxc3 Ra3
15. Qc2 b5 16. e4 Qa5 17. exd5 Rxc3 18. Qe2 Qa3 19. Rad1 exd5 20. f4 Bd7 21.
Rf3 Be8 22. Re3 Bh4 23. g4 Rc1 24. Rf1 Rxf1+ 25. Qxf1 Bf6 26. Bxf6 gxf6 27. Qe1
Bg6 28. Kh1 Qd6 29. gxf5 Bf7 30. Qh4 Kh8 31. Qh6 Rg8 32. Re6 Qa3 33. Qxf6+ Rg7
34. Re1 1/2-1/2

[Event "Mitropa Cup 32nd"]
[Site "Meissen"]
[Date "2013.06.05"]
[Round "5.4"]
[White "Guidarelli, Laurent"]
[Black "Horvath, Jozsef"]
[Result "1/2-1/2"]
[WhiteElo "2472"]
[BlackElo "2518"]
[PlyCount "104"]
[EventDate "2013.06.01"]
[EventType "team-tourn"]
[EventRounds "9"]
[EventCountry "GER"]
[Source "ChessBase"]
[SourceDate "2013.06.25"]
[WhiteTeam "France"]
[BlackTeam "Hungary"]
[WhiteTeamCountry "FRA"]
[BlackTeamCountry "HUN"]

1. d4 Nf6 2. c4 e6 3. Nc3 Bb4 4. e3 d5 5. a3 Bxc3+ 6. bxc3 c6 7. f3 O-O 8. Bd3
b6 9. cxd5 cxd5 10. Ne2 Ba6 11. e4 Qc8 12. Bg5 Nfd7 13. O-O Nc6 14. exd5 exd5
15. Nf4 f6 16. Bh4 g5 17. Bxa6 Qxa6 18. Nxd5 gxh4 19. Nc7 Qc4 20. Nxa8 Rxa8 21.
Qe1 Kh8 22. Qxh4 Rg8 23. Rad1 Qxc3 24. Qe4 Nf8 25. Qf4 Nd7 26. Qe4 Nf8 27. Qf4
Rg6 28. Rfe1 Qxa3 29. Re8 Kg8 30. Qe4 Qd6 31. Rc1 f5 32. Qxf5 Nxd4 33. Qe4 Nde6
34. g3 Nc5 35. Qc4+ Kg7 36. Rce1 Nfe6 37. f4 Qxf4 38. Qxf4 Nxf4 39. R1e7+ Kf6
40. Rxh7 Nce6 41. Rxa7 b5 42. Rb7 Ne2+ 43. Kf2 N2d4 44. h4 Kf5 45. Reb8 Kg4 46.
Kg2 Nf5 47. Rxb5 Nxg3 48. R8b6 Nf5 49. Rb4+ Kh5+ 50. Kf2 Rf6 51. Rf4 Nxf4 52.
Rxf6 Kg4 1/2-1/2

[Event "Mitropa Cup 32nd"]
[Site "Meissen"]
[Date "2013.06.05"]
[Round "5.4"]
[White "Horvath, Adam"]
[Black "Housieaux, David"]
[Result "1-0"]
[WhiteElo "2532"]
[BlackElo "2466"]
[PlyCount "41"]
[EventDate "2013.06.01"]
[EventType "team-tourn"]
[EventRounds "9"]
[EventCountry "GER"]
[Source "ChessBase"]
[SourceDate "2013.06.25"]
[WhiteTeam "Hungary"]
[BlackTeam "France"]
[WhiteTeamCountry "HUN"]
[BlackTeamCountry "FRA"]

1. e4 c6 2. d4 d5 3. Nc3 dxe4 4. Nxe4 Bf5 5. Ng3 Bg6 6. Nh3 e6 7. Bc4 Bd6 8.
O-O Nf6 9. f4 Qc7 10. Kh1 Bf5 11. Nxf5 exf5 12. Re1+ Kf8 13. Ng5 Nd5 14. Bb3 h6
15. Nf3 Nd7 16. c4 Ne7 17. c5 Bxf4 18. Bxf4 Qxf4 19. Qe2 Re8 20. Bxf7 Kxf7 21.
Qe6+ 1-0

[Event "Mitropa Cup 32nd"]
[Site "Meissen"]
[Date "2013.06.05"]
[Round "5.2"]
[White "Repka, Christopher"]
[Black "Donchenko, Alexander"]
[Result "1/2-1/2"]
[WhiteElo "2358"]
[BlackElo "2465"]
[PlyCount "60"]
[EventDate "2013.06.01"]
[EventType "team-tourn"]
[EventRounds "9"]
[EventCountry "GER"]
[Source "ChessBase"]
[SourceDate "2013.06.25"]
[WhiteTeam "Slovakia"]
[BlackTeam "Germany"]
[WhiteTeamCountry "SVK"]
[BlackTeamCountry "GER"]

1. d4 d5 2. c4 dxc4 3. e3 e6 4. Bxc4 c5 5. Nf3 Nf6 6. O-O Qc7 7. Bb3 Nc6 8. Nc3
Be7 9. dxc5 Bxc5 10. Qc2 Be7 11. Bd2 O-O 12. Ne4 Nxe4 13. Qxe4 Bf6 14. Rac1 Qe7
15. Bc2 g6 16. b4 a5 17. bxa5 Rd8 18. Ba4 Bd7 19. Rb1 Nxa5 20. Bb4 Qe8 21. Bxd7
Rxd7 22. Bxa5 Rxa5 23. Rxb7 Rxb7 24. Qxb7 Qa8 25. Qc7 Rxa2 26. Qf4 Kg7 27. h3
Ra1 28. Rxa1 Qxa1+ 29. Kh2 Qb2 30. Kg1 Qa1+ 1/2-1/2

[Event "Mitropa Cup 32nd"]
[Site "Meissen"]
[Date "2013.06.05"]
[Round "5.2"]
[White "Wagner, Dennis"]
[Black "Petenyi, Tamas"]
[Result "1/2-1/2"]
[WhiteElo "2461"]
[BlackElo "2466"]
[PlyCount "60"]
[EventDate "2013.06.01"]
[EventType "team-tourn"]
[EventRounds "9"]
[EventCountry "GER"]
[Source "ChessBase"]
[SourceDate "2013.06.25"]
[WhiteTeam "Germany"]
[BlackTeam "Slovakia"]
[WhiteTeamCountry "GER"]
[BlackTeamCountry "SVK"]

1. d4 d6 2. Nf3 g6 3. c4 Bg7 4. Nc3 Bg4 5. e3 Nf6 6. Be2 O-O 7. O-O Na6 8. a3
c5 9. d5 Nc7 10. Rb1 e6 11. e4 exd5 12. exd5 Re8 13. h3 Bf5 14. Bd3 Qd7 15. Qc2
Bxh3 16. gxh3 Qxh3 17. Nh2 Nh5 18. Ne2 Rxe2 19. Bxe2 Be5 20. Ng4 Ng3 21. fxg3
Qxg3+ 22. Kh1 Qh3+ 23. Kg1 Qg3+ 24. Kh1 Qh3+ 25. Kg1 Qg3+ 26. Kh1 Qh3+ 27. Kg1
Qg3+ 28. Kh1 Qh3+ 29. Kg1 Qg3+ 30. Kh1 Qh3+ 1/2-1/2

[Event "Mitropa Cup 32nd"]
[Site "Meissen"]
[Date "2013.06.06"]
[Round "6.2"]
[White "Horvath, Jozsef"]
[Black "Diermair, Andreas"]
[Result "1/2-1/2"]
[WhiteElo "2518"]
[BlackElo "2428"]
[PlyCount "79"]
[EventDate "2013.06.01"]
[EventType "team-tourn"]
[EventRounds "9"]
[EventCountry "GER"]
[Source "ChessBase"]
[SourceDate "2013.06.25"]
[WhiteTeam "Hungary"]
[BlackTeam "Austria"]
[WhiteTeamCountry "HUN"]
[BlackTeamCountry "AUT"]

1. g3 d5 2. Bg2 c6 3. f4 g6 4. Nf3 Bg7 5. c3 Qb6 6. d4 Nh6 7. O-O O-O 8. Kh1 c5
9. dxc5 Qxc5 10. Nbd2 Ng4 11. Nd4 Nc6 12. N2b3 Qc4 13. Nc2 Rd8 14. Ne3 Nxe3 15.
Bxe3 Bg4 16. Re1 Rac8 17. Qd3 Bf5 18. Qxc4 dxc4 19. Nd2 b5 20. Rad1 b4 21. Nxc4
bxc3 22. bxc3 Bxc3 23. Rxd8+ Nxd8 24. Rd1 Rxc4 25. Rxd8+ Kg7 26. Bxa7 Ra4 27.
Ra8 Rb4 28. Rb8 Ra4 29. Ra8 Rb4 30. Rb8 Ra4 31. Bc5 Rxa2 32. Bf3 Bh3 33. Kg1
Ra5 34. Bb6 Ra6 35. Bc5 Ra5 36. Bb6 Rb5 37. Ba7 Rxb8 38. Bxb8 Bd4+ 39. Kh1 f5
40. Bc7 1/2-1/2

[Event "Mitropa Cup 32nd"]
[Site "Meissen"]
[Date "2013.06.06"]
[Round "6.2"]
[White "Schachinger, Mario"]
[Black "Czebe, Attila"]
[Result "1/2-1/2"]
[WhiteElo "2412"]
[BlackElo "2488"]
[PlyCount "131"]
[EventDate "2013.06.01"]
[EventType "team-tourn"]
[EventRounds "9"]
[EventCountry "GER"]
[Source "ChessBase"]
[SourceDate "2013.06.25"]
[WhiteTeam "Austria"]
[BlackTeam "Hungary"]
[WhiteTeamCountry "AUT"]
[BlackTeamCountry "HUN"]

1. d4 d6 2. Nf3 g6 3. c4 Bg7 4. Nc3 Nd7 5. e4 e5 6. Be2 Ne7 7. h4 h6 8. Be3 O-O
9. Qd2 Kh7 10. O-O-O a6 11. dxe5 dxe5 12. Ng5+ hxg5 13. hxg5+ Kg8 14. Bg4 c6
15. Bxd7 Qa5 16. Bxc8 Raxc8 17. Kb1 Rc7 18. Nd5 Qxd2 19. Nxe7+ Rxe7 20. Rxd2
Ra8 21. Bc5 Re6 22. Rd7 b5 23. Rc1 Bf8 24. Bxf8 Kxf8 25. cxb5 axb5 26. Rc7 Ra6
27. Rd1 Ra4 28. Rd8+ Re8 29. Rdd7 Rxe4 30. Rxf7+ Kg8 31. Rg7+ Kh8 32. Rh7+ Kg8
33. Rcg7+ Kf8 34. Rf7+ Kg8 35. Rhg7+ Kh8 36. Rxg6 c5 37. Rf3 Kh7 38. Rd6 Re1+
39. Kc2 Re2+ 40. Rd2 Rxd2+ 41. Kxd2 Kg6 42. Rd3 c4 43. Rd5 b4 44. Rc5 c3+ 45.
bxc3 bxc3+ 46. Kxc3 Ra8 47. Rxe5 Rxa2 48. f4 Rxg2 49. Kd3 Rg1 50. Ke4 Re1+ 51.
Kd5 Rd1+ 52. Ke6 Rd4 53. f5+ Kxg5 54. Re1 Ra4 55. Rg1+ Kh6 56. Rd1 Ra6+ 57. Rd6
Ra7 58. Kf6 Rb7 59. Re6 Ra7 60. Rb6 Kh7 61. Rd6 Kh6 62. Rb6 Kh7 63. Rb1 Ra6+
64. Kg5 Kg7 65. Rb7+ Kf8 66. f6 1/2-1/2

[Event "Mitropa Cup 32nd"]
[Site "Meissen"]
[Date "2013.06.06"]
[Round "6.2"]
[White "Schreiner, Peter"]
[Black "Horvath, Adam"]
[Result "0-1"]
[WhiteElo "2456"]
[BlackElo "2532"]
[PlyCount "78"]
[EventDate "2013.06.01"]
[EventType "team-tourn"]
[EventRounds "9"]
[EventCountry "GER"]
[Source "ChessBase"]
[SourceDate "2013.06.25"]
[WhiteTeam "Austria"]
[BlackTeam "Hungary"]
[WhiteTeamCountry "AUT"]
[BlackTeamCountry "HUN"]

1. Nf3 Nf6 2. c4 e6 3. g3 d5 4. Bg2 dxc4 5. Qa4+ c6 6. Qxc4 b5 7. Qb3 Bb7 8.
O-O a6 9. Nc3 c5 10. d3 Nbd7 11. a4 b4 12. Nb1 Be7 13. a5 O-O 14. Nbd2 Ne8 15.
Nc4 Nd6 16. Nfd2 Bxg2 17. Kxg2 Nb5 18. Nf3 Nd4 19. Nxd4 cxd4 20. Bd2 Rb8 21.
Rfc1 Rb5 22. Kg1 h5 23. Qd1 h4 24. Qf1 Nc5 25. Qd1 Nd7 26. Qf1 hxg3 27. hxg3 g6
28. Qg2 Kg7 29. Qc6 Nc5 30. Rd1 Rh8 31. Kg2 Nb3 32. Rab1 Rbh5 33. Bf4 Rh2+ 34.
Kf3 Nxa5 35. Qe4 Nb3 36. Ne5 f5 37. Qc6 g5 38. Bxg5 Bxg5 39. Qxe6 Qe8 0-1